Normal view
MARC view
- R. Fraser Reekie
Entry Personal Name
001 - CONTROL NUMBER
- control field: 42746
003 - CONTROL NUMBER IDENTIFIER
- control field: NUST
005 - DATE AND TIME OF LATEST TRANSACTION
- control field: 20210314132417.0
008 - FIXED-LENGTH DATA ELEMENTS
- fixed length control field: 210314|| aca||aabn | a|a d
040 ## - CATALOGING SOURCE
- Original cataloging agency: NUST
- Transcribing agency: NUST
100 ## - HEADING--PERSONAL NAME
- Personal name: R. Fraser Reekie
670 ## - SOURCE DATA FOUND
- Source citation: Work cat.: (NUST): R. Fraser Reekie, Draughtsmanship, 1946
